| 000 | 00593cam a22002173a 4500 | ||
|---|---|---|---|
| 001 | 36028 | ||
| 003 | PGUSA | ||
| 005 | 20140828083756.0 | ||
| 008 | 110503s2011||||xxu|||||s|||||000 | eng d | ||
| 040 |
_aPGUSA _beng |
||
| 042 | _adc | ||
| 100 | 1 |
_aMann, Thomas, _d1875-1955 |
|
| 245 | 1 | 0 |
_aRoyal Highness _h[electronic resource] / _cThomas Mann |
| 260 |
_bProject Gutenberg, _c2011 |
||
| 506 | _aPublic domain in the USA. | ||
| 516 | _aElectronic text | ||
| 700 | 1 | _aCurtis, A. Cecil | |
| 830 | 0 |
_aProject Gutenberg _v36028 |
|
| 856 | 4 | 0 | _uhttp://www.gutenberg.org/ebooks/36028 |
| 942 | _cEB | ||
| 999 |
_c265283 _d265283 |
||